[Event "SR 4. liga A21 2011/2012"]
[Site "?"]
[Date "2011.11.20"]
[Round "4.4"]
[White "Bjel, Tomas"]
[Black "Tomasovic, Martin"]
[Result "1/2-1/2"]
[WhiteElo "1674"]
[BlackElo "1490"]
[PlyCount "72"]
[EventDate "2011.??.??"]

1. e4 e5 2. Nf3 Nc6 3. Bc4 Bc5 4. c3 Nf6 5. d3 d6 6. h3 h6 7. Be3 Bb6 8. Nbd2
O-O 9. d4 Re8 10. Bb5 Bd7 11. Bxc6 Bxc6 12. d5 Bb5 13. c4 Bd7 14. b4 Qe7 15. a4
c5 16. bxc5 Bxc5 17. Nb3 Bb4+ 18. Bd2 Bxd2+ 19. Nfxd2 b6 20. a5 Reb8 21. O-O
Bc8 22. Qe2 Nd7 23. f4 Nc5 24. Qf3 Nxb3 25. Nxb3 Ba6 26. fxe5 dxe5 27. Qc3 Rc8
28. Nd2 Qc5+ 29. Rf2 Bxc4 30. axb6 axb6 31. Rxa8 Rxa8 32. Qxc4 Ra1+ 33. Kh2
Qxf2 34. Qc8+ Kh7 35. Nf3 Ra2 36. Qf5+ Kg8 1/2-1/2

[Event "SR 4. liga A21 2011/2012"]
[Site "?"]
[Date "2011.11.20"]
[Round "4.4"]
[White "Madzo, Anton"]
[Black "Lajda, Dusan"]
[Result "1/2-1/2"]
[WhiteElo "1526"]
[BlackElo "1841"]
[PlyCount "31"]
[EventDate "2011.??.??"]

1. b3 e5 2. Bb2 Nc6 3. e4 Nf6 4. Nc3 d6 5. Bb5 Bd7 6. Nf3 Be7 7. Bxc6 Bxc6 8.
d3 O-O 9. O-O b5 10. a3 a6 11. Re1 Bb7 12. Ne2 Re8 13. Ng3 Bc8 14. h3 Bf8 15.
Qd2 g6 16. a4 1/2-1/2

[Event "SR 4. liga A21 2011/2012"]
[Site "?"]
[Date "2011.11.20"]
[Round "4.4"]
[White "Podjavorinsky, Michal"]
[Black "Bjel, Lubos"]
[Result "0-1"]
[WhiteElo "1000"]
[BlackElo "1671"]
[PlyCount "26"]
[EventDate "2011.??.??"]

1. e4 e5 2. Nf3 Nc6 3. Bb5 a6 4. Ba4 d6 5. Nc3 Nf6 6. d3 b5 7. Bb3 Bg4 8. O-O
Nd4 9. Be3 Nxf3+ 10. gxf3 Bh3 11. Re1 Nh5 12. Bd5 Nf4 13. Bxa8 Qg5+ 0-1

[Event "SR 4. liga A21 2011/2012"]
[Site "?"]
[Date "2011.11.20"]
[Round "4.4"]
[White "Smrek, Peter"]
[Black "Holan, Jaroslav"]
[Result "1/2-1/2"]
[WhiteElo "1892"]
[BlackElo "1463"]
[PlyCount "22"]
[EventDate "2011.??.??"]

1. e4 d5 2. exd5 Qxd5 3. d4 Qa5+ 4. Nc3 c6 5. Bd2 Qd8 6. Nf3 Bg4 7. Be2 Nf6 8.
O-O e6 9. h3 Bh5 10. Re1 Be7 11. a3 O-O 1/2-1/2

[Event "SR 4. liga A21 2011/2012"]
[Site "?"]
[Date "2011.11.20"]
[Round "4.5"]
[White "Baumgartner, Milan"]
[Black "Sadlon, Juraj"]
[Result "0-1"]
[WhiteElo "1592"]
[BlackElo "1860"]
[PlyCount "124"]
[EventDate "2011.??.??"]

1. c4 Nf6 2. Nc3 d5 3. cxd5 Nxd5 4. e4 Nb6 5. d4 e6 6. Be3 N8d7 7. f4 c6 8. Nf3
Be7 9. Bd3 O-O 10. O-O c5 11. Ne2 cxd4 12. Nexd4 Nc5 13. Bc2 Nc4 14. Qc1 Qb6
15. b3 Nxe3 16. Qxe3 Bd7 17. Rab1 Na6 18. Qf2 Nb4 19. a3 Nxc2 20. Nxc2 Bc5 21.
Nfd4 Bc6 22. Rfe1 Rfd8 23. Rbd1 Rd7 24. b4 Bxd4 25. Rxd4 Rad8 26. Rxd7 Qxf2+
27. Kxf2 Rxd7 28. Ke3 Ba4 29. Nd4 Rc7 30. Kd3 Kf8 31. g4 Ke7 32. e5 Kd7 33. f5
exf5 34. gxf5 Ke7 35. e6 fxe6 36. fxe6 Bc6 37. Rf1 g6 38. Ke3 Bd5 39. Rf7+ Kd6
40. Rxc7 Kxc7 41. Kf4 Kd6 42. e7 Kxe7 43. Ke5 Bc4 44. a4 a6 45. h4 h6 46. b5
axb5 47. axb5 b6 48. Nc6+ Kf7 49. Nd4 Bf1 50. Kd6 Kf6 51. Kc6 Ke5 52. Nf3+ Kf4
53. Ne1 Kg4 54. Kxb6 Kxh4 55. Kc5 Bxb5 56. Kxb5 g5 57. Kc4 Kg3 58. Kd4 h5 59.
Ke4 g4 60. Nd3 h4 61. Ke3 h3 62. Nf2 h2 0-1

[Event "SR 4. liga A21 2011/2012"]
[Site "?"]
[Date "2011.11.20"]
[Round "4.5"]
[White "Pericka, Pavol"]
[Black "Kubik, Peter"]
[Result "1-0"]
[WhiteElo "1743"]
[BlackElo "1668"]
[PlyCount "51"]
[EventDate "2011.??.??"]

1. e4 e5 2. Bc4 Nf6 3. Nf3 Nxe4 4. Qe2 d5 5. Bb3 Be7 6. Nxe5 O-O 7. O-O c5 8.
c4 Nf6 9. Re1 d4 10. Na3 Bd6 11. Nf3 a6 12. d3 h6 13. Bd2 Bg4 14. h3 Bh5 15. g4
Bg6 16. Qf1 Qd7 17. Ne5 Qc7 18. f4 Bh7 19. Bd1 Re8 20. Bf3 Ra7 21. Nc2 g5 22.
fxg5 hxg5 23. Bxg5 Rxe5 24. Bxf6 Re6 25. Bd5 Bg3 26. Rxe6 1-0

[Event "SR 4. liga A21 2011/2012"]
[Site "?"]
[Date "2011.11.20"]
[Round "4.5"]
[White "Pericka, Tomas"]
[Black "Hrubsa, Marian"]
[Result "1-0"]
[WhiteElo "2008"]
[BlackElo "1929"]
[PlyCount "97"]
[EventDate "2011.??.??"]

1. e4 e6 2. d4 d5 3. Nc3 Nf6 4. Bg5 Be7 5. e5 Nfd7 6. Bxe7 Qxe7 7. f4 a6 8. Qg4
g6 9. Nf3 c5 10. h4 h5 11. Qh3 Nc6 12. O-O-O b5 13. g4 hxg4 14. Qxg4 Bb7 15. h5
gxh5 16. Rxh5 Rxh5 17. Qxh5 O-O-O 18. f5 cxd4 19. fxe6 fxe6 20. Ne2 Nb6 21.
Nexd4 Nc4 22. Nxe6 Nxb2 23. Nxd8 Qa3 24. Qf5+ Kc7 25. Qf7+ Ne7 26. Ne6+ Kb6 27.
Kd2 Na4 28. Ned4 Nc5 29. Bd3 Ne4+ 30. Bxe4 dxe4 31. Qf6+ Ka7 32. Ne1 Nd5 33.
Qh6 Qb4+ 34. c3 Qxc3+ 35. Ke2 Qc4+ 36. Kf2 e3+ 37. Kg3 Nc3 38. Rd3 Qg8+ 39. Kh4
Ne4 40. Nf5 Nf2 41. Qxe3+ Ka8 42. Qxf2 Qc4+ 43. Qd4 Qf7 44. Qb6 Qh7+ 45. Kg5
Bc8 46. Qc6+ Kb8 47. e6 Qg8+ 48. Kf4 Qh7 49. Nf3 1-0

[Event "SR 4. liga A21 2011/2012"]
[Site "?"]
[Date "2011.11.20"]
[Round "4.5"]
[White "Sadlon, Matus"]
[Black "Hornacek, Vendelin"]
[Result "1-0"]
[WhiteElo "1608"]
[BlackElo "1599"]
[PlyCount "49"]
[EventDate "2011.??.??"]

1. e4 e5 2. Nf3 Nc6 3. Bc4 Bc5 4. c3 d6 5. O-O Bg4 6. d3 h6 7. Be3 Bxe3 8. fxe3
Na5 9. Bxf7+ Ke7 10. Bg6 Nf6 11. Nbd2 Rf8 12. Qe1 Qd7 13. Nh4 Be6 14. Nf5+ Bxf5
15. Bxf5 Qe8 16. Qg3 g5 17. Rf2 Qf7 18. Qf3 Qg7 19. Raf1 Rf7 20. Qe2 Raf8 21.
d4 g4 22. d5 Nh7 23. b4 Nc6 24. dxc6 bxc6 25. Qxg4 1-0

[Event "SR 4. liga A21 2011/2012"]
[Site "?"]
[Date "2011.11.20"]
[Round "4.5"]
[White "Vogl, Zdenek"]
[Black "Skapik, Branislav"]
[Result "1-0"]
[WhiteElo "1928"]
[BlackElo "1848"]
[PlyCount "79"]
[EventDate "2011.??.??"]

1. e4 d5 2. exd5 Nf6 3. Nc3 Nxd5 4. Nxd5 Qxd5 5. Nf3 e5 6. d3 Nc6 7. Be2 Bc5 8.
O-O Bg4 9. Be3 Bxe3 10. fxe3 O-O-O 11. Ng5 Bxe2 12. Qxe2 f6 13. Ne4 Qd7 14. a3
Ne7 15. b4 b6 16. a4 Nd5 17. b5 f5 18. Nf2 Rhe8 19. c4 Nb4 20. Rfd1 f4 21. exf4
exf4 22. Qf3 Qd4 23. Rab1 Nc2 24. Qa8+ Kd7 25. Qc6+ Kc8 26. a5 Re2 27. Qf3 Re3
28. Qa8+ Kd7 29. Qc6+ Kc8 30. axb6 Qxb6 31. Qxb6 axb6 32. Rbc1 Rde8 33. Ng4 Re2
34. Kf1 R2e6 35. Rxc2 h5 36. Nf2 g5 37. Ne4 g4 38. Rf2 h4 39. Kg1 Rd8 40. Rxf4
1-0

[Event "SR 4. liga A21 2011/2012"]
[Site "?"]
[Date "2011.11.20"]
[Round "4.6"]
[White "Bluml, Lubomir"]
[Black "Capanda, Jan"]
[Result "1/2-1/2"]
[WhiteElo "1000"]
[BlackElo "1000"]
[PlyCount "94"]
[EventDate "2011.??.??"]

1. e4 Nf6 2. e5 Nd5 3. c4 Nb6 4. c5 Nd5 5. d4 b6 6. cxb6 axb6 7. g3 Bb7 8. Nf3
e6 9. Bg2 Ba6 10. a3 Be7 11. Nc3 Nxc3 12. bxc3 Nc6 13. Nd2 Ra7 14. Bxc6 dxc6
15. Bb2 O-O 16. c4 c5 17. Qg4 cxd4 18. Bxd4 Bb7 19. O-O Rxa3 20. Rxa3 Bxa3 21.
Be3 Bb2 22. Bf4 b5 23. Rd1 Qe7 24. cxb5 f5 25. Qe2 g5 26. Nc4 Bc3 27. Rd3 Bb4
28. Bd2 Bc5 29. Be3 Ra8 30. Rd1 g4 31. Qd2 Bd5 32. Bg5 Qe8 33. Ne3 Bxe3 34.
Qxe3 Qxb5 35. Bf6 Qe8 36. Qg5+ Qg6 37. Qe3 c6 38. Qc5 Qe8 39. Qc1 Ra7 40. Qg5+
Qg6 41. Qc1 Qf7 42. Qg5+ Kf8 43. Qc1 Ke8 44. Qc5 Rb7 45. Qa5 Qc7 46. Qd2 c5 47.
Qg5 Kd7 1/2-1/2

[Event "SR 4. liga A21 2011/2012"]
[Site "?"]
[Date "2011.11.20"]
[Round "4.6"]
[White "Dubecky, Ladislav"]
[Black "Lezovic, Martin"]
[Result "1/2-1/2"]
[WhiteElo "1574"]
[BlackElo "1658"]
[PlyCount "160"]
[EventDate "2011.??.??"]

1. e4 e5 2. f4 exf4 3. Nf3 Nf6 4. e5 Nd5 5. d4 d6 6. exd6 Bxd6 7. Bb5+ Bd7 8.
Bxd7+ Nxd7 9. O-O O-O 10. c4 Ne3 11. Bxe3 fxe3 12. Qb3 c5 13. d5 e2 14. Re1 Qe7
15. Nc3 Qe3+ 16. Kh1 b6 17. Rxe2 Qf4 18. Re4 Qf5 19. Rae1 Nf6 20. R4e2 Rfe8 21.
Qa4 Rxe2 22. Rxe2 Qd7 23. Qc2 Re8 24. Ne4 Nxe4 25. Rxe4 g6 26. Qe2 Rxe4 27.
Qxe4 Qa4 28. a3 Qd1+ 29. Ng1 Qc1 30. Qe2 Kf8 31. g3 h5 32. Kg2 Qg5 33. Qf2 Qg4
34. Qe2 Qg5 35. Qf2 Kg7 36. Ne2 h4 37. Nf4 hxg3 38. hxg3 Qf5 39. b3 Qe4+ 40.
Qf3 Qc2+ 41. Ne2 a6 42. Qc3+ Qxc3 43. Nxc3 f5 44. Ne2 g5 45. Kf3 Kf6 46. g4 Ke5
47. Ng3 f4 48. Nf5 Bf8 49. a4 a5 50. Kf2 Ke4 51. d6 Bxd6 52. Nxd6+ Kd4 53. Nf7
Kc3 54. Nxg5 Kxb3 55. Ne4 Kxc4 56. g5 Kd5 57. g6 Ke6 58. Kf3 c4 59. Kxf4 c3 60.
g7 Kf7 61. g8=Q+ Kxg8 62. Nxc3 Kf7 63. Ke5 Ke7 64. Kd5 Kd7 65. Nb5 Kc8 66. Kc6
Kb8 67. Kxb6 Ka8 68. Kxa5 Kb7 69. Nc3 Ka7 70. Kb5 Kb7 71. a5 Ka7 72. Na4 Kb7
73. Nc5+ Ka7 74. a6 Kb8 75. Kb6 Ka8 76. Kb5 Kb8 77. Nd7+ Ka8 78. Ne5 Kb8 79.
Nc6+ Ka8 80. a7 Kb7 1/2-1/2

[Event "SR 4. liga A21 2011/2012"]
[Site "?"]
[Date "2011.11.20"]
[Round "4.6"]
[White "Gajarsky, Jakub"]
[Black "Pisecky, Jan"]
[Result "1-0"]
[WhiteElo "1580"]
[BlackElo "1528"]
[PlyCount "63"]
[EventDate "2011.??.??"]

1. d4 d5 2. c4 e6 3. Nf3 Nf6 4. g3 c6 5. Bg2 Be7 6. O-O h6 7. Qc2 Nbd7 8. Nbd2
Nh7 9. e4 dxe4 10. Nxe4 Ndf6 11. Rd1 Nxe4 12. Qxe4 Ng5 13. Qe2 Nxf3+ 14. Bxf3
Bg5 15. d5 Bxc1 16. Raxc1 O-O 17. dxc6 Qb6 18. c5 Qc7 19. Rd6 Rb8 20. cxb7 Bxb7
21. Rd2 Bxf3 22. Qxf3 Qa5 23. Qc3 Qxc3 24. Rxc3 Rfc8 25. c6 Rc7 26. b4 a6 27.
a4 Kh7 28. Rd7 Rbc8 29. Rxc7 Rxc7 30. b5 Kg6 31. b6 Rc8 32. c7 1-0

[Event "SR 4. liga A21 2011/2012"]
[Site "?"]
[Date "2011.11.20"]
[Round "4.6"]
[White "Jablonicky, Boris"]
[Black "Cerovsky, Marian"]
[Result "1/2-1/2"]
[WhiteElo "1720"]
[BlackElo "1733"]
[PlyCount "84"]
[EventDate "2011.??.??"]

1. c4 e5 2. Nc3 Nf6 3. Nf3 Nc6 4. g3 a6 5. Bg2 Bc5 6. O-O d6 7. a3 Bd7 8. b4
Ba7 9. d3 h6 10. Rb1 Rb8 11. b5 Nd4 12. a4 Nxf3+ 13. Bxf3 a5 14. Nd5 Nxd5 15.
Bxd5 O-O 16. Bd2 b6 17. Bg2 Qc8 18. Re1 c5 19. e4 Bg4 20. Bf3 Bxf3 21. Qxf3 f5
22. Kg2 Qe6 23. Qh5 Rb7 24. f4 Bb8 25. exf5 Qxf5 26. Qxf5 Rxf5 27. fxe5 dxe5
28. Rf1 Rbf7 29. Rxf5 Rxf5 30. Rf1 Rxf1 31. Kxf1 Kf7 32. Kf2 Kf6 33. Kf3 Kf5
34. g4+ Ke6 35. Ke4 Bd6 36. Be1 Be7 37. Bg3 Bd6 38. h3 g6 39. Bf2 Be7 40. Be3
g5 41. Bf2 Bd8 42. Bg3 Bf6 1/2-1/2

[Event "SR 4. liga A21 2011/2012"]
[Site "?"]
[Date "2011.11.20"]
[Round "4.6"]
[White "Kovarik, Oto"]
[Black "Jablonicky, Martin"]
[Result "0-1"]
[WhiteElo "2018"]
[BlackElo "1757"]
[PlyCount "114"]
[EventDate "2011.??.??"]

1. e4 c5 2. Nf3 d6 3. d4 cxd4 4. Nxd4 Nf6 5. Nc3 g6 6. Be2 Bg7 7. O-O O-O 8.
Be3 Nc6 9. h3 Bd7 10. Qd2 Rc8 11. f3 Ne5 12. Nd1 Nc4 13. Bxc4 Rxc4 14. b3 Rc8
15. c4 a6 16. Rc1 b5 17. cxb5 axb5 18. Rxc8 Qxc8 19. Nc3 Qa6 20. Qe2 Nh5 21.
Rf2 Nf4 22. Qf1 Bxd4 23. Bxd4 Ne6 24. Be3 Rc8 25. Nd5 Kf8 26. Qa1 f6 27. f4 Nc5
28. Qd4 Ne6 29. Qb2 Nc5 30. Qb1 Be6 31. Rd2 Bxd5 32. exd5 b4 33. h4 f5 34. Bxc5
Rxc5 35. Qe1 Qa7 36. Kh2 Rc3 37. Re2 Qd4 38. g3 Qxd5 39. Rxe7 Rc2+ 40. Re2 Qd3
41. Rxc2 Qxc2+ 42. Kh3 Qe4 43. Qd1 d5 44. Kh2 d4 45. Qc1 Qe2+ 46. Kg1 d3 47.
Qf1 Qe3+ 48. Qf2 Qc1+ 49. Kg2 d2 50. Qd4 d1=Q 51. Qh8+ Ke7 52. Qxh7+ Kd8 53.
Qg8+ Kc7 54. Qg7+ Qd7 55. Qe5+ Kb7 56. Qe2 Qd5+ 57. Kf2 Qcc5+ 0-1

[Event "SR 4. liga A21 2011/2012"]
[Site "?"]
[Date "2011.12.04"]
[Round "5.1"]
[White "Bango, Dominik"]
[Black "Piestansky, Jan"]
[Result "0-1"]
[WhiteElo "1328"]
[BlackElo "1593"]
[PlyCount "94"]
[EventDate "2011.??.??"]

1. e4 e5 2. Nf3 d6 3. Bc4 h6 4. O-O Nf6 5. Nc3 Be7 6. h3 Nc6 7. d4 exd4 8. Nxd4
Bd7 9. Be3 a6 10. Bb3 Na5 11. Qd3 Nxb3 12. Nxb3 O-O 13. Nd5 Nxd5 14. Qxd5 Bc6
15. Qd3 Re8 16. f3 b6 17. c4 Bf6 18. Bd4 a5 19. a4 Rc8 20. Qc3 Bxd4+ 21. Qxd4
Qd7 22. Rfe1 Bxa4 23. Ra3 Bxb3 24. Rxb3 Re6 25. e5 Qc6 26. Rb5 Rce8 27. Re4
dxe5 28. Rbxe5 Rxe5 29. Rxe5 Rxe5 30. Qxe5 Qxc4 31. Qe8+ Kh7 32. Qe4+ Qxe4 33.
fxe4 Kg6 34. Kf2 Kf6 35. Kf3 Ke5 36. Ke3 b5 37. g3 h5 38. Kd3 c5 39. Ke3 c4 40.
h4 f6 41. Kf3 g6 42. Ke3 b4 43. Kf3 a4 44. Ke3 a3 45. bxa3 bxa3 46. Kf3 a2 47.
Ke3 a1=Q 0-1

[Event "SR 4. liga A21 2011/2012"]
[Site "?"]
[Date "2011.12.04"]
[Round "5.1"]
[White "Bango, Lukas"]
[Black "Vagovic, Milan"]
[Result "1-0"]
[WhiteElo "1364"]
[BlackElo "1697"]
[PlyCount "115"]
[EventDate "2011.??.??"]

1. d4 d5 2. Nf3 Nf6 3. c4 e6 4. Nc3 c6 5. e3 Nbd7 6. Be2 c5 7. O-O b6 8. b3 Bb7
9. Bb2 Bd6 10. Rc1 O-O 11. Nb5 Bb8 12. cxd5 exd5 13. Ne5 a6 14. Na3 Re8 15.
Nxd7 Qxd7 16. dxc5 Qc7 17. f4 bxc5 18. Be5 Rxe5 19. fxe5 Qxe5 20. Rxf6 Qxh2+
21. Kf1 gxf6 22. Rxc5 Bg3 23. Bf3 Re8 24. Nc2 Qh6 25. Qd4 f5 26. Bxd5 Bxd5 27.
Qxd5 Qh5 28. Qf3 Qxf3+ 29. gxf3 Re5 30. Rxe5 Bxe5 31. Nb4 a5 32. Nc6 Bc3 33.
Ne7+ Kg7 34. Nxf5+ Kf6 35. Ng3 Ke6 36. Ne4 Bb4 37. Kg2 h6 38. Kg3 Ke5 39. Nf2
Be1 40. Kg2 Kf5 41. Nd3 Bd2 42. e4+ Kg6 43. Kg3 f5 44. exf5+ Kxf5 45. a3 Bc3
46. b4 a4 47. b5 Bd4 48. Nb4 Bc5 49. Nc2 Bd6+ 50. Kg2 Ke5 51. Ne3 Kf4 52. Nc4
Bc5 53. b6 Kf5 54. b7 Ba7 55. Na5 Bb8 56. Nc6 Bf4 57. b8=Q Bxb8 58. Nxb8 1-0

[Event "SR 4. liga A21 2011/2012"]
[Site "?"]
[Date "2011.12.04"]
[Round "5.1"]
[White "Jablonicky, Boris"]
[Black "Slaby, Jozef"]
[Result "0-1"]
[WhiteElo "1720"]
[BlackElo "1856"]
[PlyCount "102"]
[EventDate "2011.??.??"]

1. c4 Nf6 2. Nc3 d5 3. cxd5 Nxd5 4. Nf3 e6 5. g3 c6 6. Bg2 Nd7 7. O-O Be7 8. d3
N5f6 9. Bd2 O-O 10. Qc2 a6 11. Rab1 e5 12. b4 Bd6 13. a4 Qe7 14. b5 c5 15. Ne1
Rb8 16. Bg5 Qe6 17. Ne4 Nxe4 18. Bxe4 h6 19. Be3 Nf6 20. Bg2 Nd5 21. Bxc5 Bd7
22. Bxd6 Qxd6 23. Qb3 Be6 24. Nc2 Ne3 25. Qb4 Qxb4 26. Nxb4 Nxf1 27. Kxf1 Rfc8
28. Nd5 Kf8 29. h4 a5 30. Nb6 Rc7 31. Nd5 Bxd5 32. Bxd5 Rc3 33. Bc4 Ra3 34. Bb3
Rc8 35. f3 f6 36. Ke1 Rc3 37. Bd1 Ke7 38. Kd2 Kd6 39. Bc2 f5 40. Rc1 f4 41. g4
Kc5 42. Rb1 Kd4 43. Bd1 Ra2+ 44. Ke1 b6 45. Kf2 Rca3 46. Ke1 Ra1 47. Rb2 Ke3
48. Rd2 R3a2 49. Rxa2 Rxa2 50. h5 Ra1 51. Kf1 Rxd1+ 0-1

[Event "SR 4. liga A21 2011/2012"]
[Site "?"]
[Date "2011.12.04"]
[Round "5.1"]
[White "Kupkovic, Miroslav"]
[Black "Lezovic, Martin"]
[Result "0-1"]
[WhiteElo "1836"]
[BlackElo "1658"]
[PlyCount "70"]
[EventDate "2011.??.??"]

1. Nf3 d5 2. c4 e6 3. g3 Nf6 4. Bg2 Be7 5. O-O O-O 6. Qc2 b6 7. cxd5 Nxd5 8. e4
Nb4 9. Qb3 c5 10. Ne1 Ba6 11. d3 N8c6 12. Na3 Nxd3 13. Nxd3 Qxd3 14. Qa4 Nd4
15. Rd1 Bb5 16. Rxd3 Bxa4 17. b3 Bc6 18. Be3 Rad8 19. Bxd4 cxd4 20. Nc2 e5 21.
Rd2 Rc8 22. f3 Bd7 23. Bf1 Rc3 24. Kg2 Rfc8 25. Bd3 Rxd3 26. Rxd3 Rxc2+ 27. Kg1
Bb5 28. Rdd1 Ba3 29. f4 f6 30. fxe5 fxe5 31. b4 Bb2 32. Rab1 d3 33. a4 Bc4 34.
Kf1 d2+ 35. Kf2 Ba2 0-1

[Event "SR 4. liga A21 2011/2012"]
[Site "?"]
[Date "2011.12.04"]
[Round "5.1"]
[White "Pripko, Bystrik"]
[Black "Lezovic, Martin"]
[Result "1-0"]
[WhiteElo "1655"]
[BlackElo "1380"]
[PlyCount "89"]
[EventDate "2011.??.??"]

1. e4 e5 2. Nf3 Nc6 3. Bc4 d6 4. h3 h6 5. Nc3 Nf6 6. a3 Be6 7. Ba2 d5 8. exd5
Nxd5 9. Nxd5 Bxd5 10. Bxd5 Qxd5 11. O-O Bd6 12. d3 O-O 13. Bd2 Nd4 14. Nxd4
exd4 15. Re1 Rfe8 16. Qg4 g5 17. Re2 Kg7 18. Qh5 Re6 19. Rxe6 Qxe6 20. Re1 Qg6
21. Qxg6+ Kxg6 22. g4 Rf8 23. f3 f5 24. Kg2 fxg4 25. hxg4 c5 26. Re6+ Rf6 27.
Re2 b6 28. c3 Kf7 29. Re4 Re6 30. cxd4 Rxe4 31. dxe4 cxd4 32. Kf2 Ke6 33. Ke2
Ke5 34. Kd3 b5 35. Bb4 Bc7 36. Bf8 Bd8 37. Bxh6 Bf6 38. Bf8 Kf4 39. Bc5 Kxf3
40. Bxd4 Bxd4 41. Kxd4 Kxg4 42. e5 Kf5 43. Kd5 g4 44. e6 g3 45. e7 1-0

[Event "SR 4. liga A21 2011/2012"]
[Site "?"]
[Date "2011.12.04"]
[Round "5.2"]
[White "Cerovsky, Marian"]
[Black "Vogl, Zdenek"]
[Result "0-1"]
[WhiteElo "1733"]
[BlackElo "1928"]
[PlyCount "120"]
[EventDate "2011.??.??"]

1. e4 e5 2. Nf3 Nc6 3. Nc3 d6 4. h3 Nf6 5. a3 Be7 6. Bc4 O-O 7. O-O Be6 8. Bxe6
fxe6 9. d3 Nd4 10. Be3 c5 11. Bd2 Nd7 12. Nxd4 exd4 13. Ne2 e5 14. Ng3 g6 15.
Qg4 Nf6 16. Qe6+ Kg7 17. h4 Qd7 18. Qxd7 Nxd7 19. h5 Bh4 20. h6+ Kg8 21. Ne2
Rf7 22. g3 Be7 23. Kg2 Raf8 24. f3 Nb6 25. b3 d5 26. a4 dxe4 27. dxe4 Rc8 28.
f4 Rcf8 29. Rf3 Nc8 30. Re1 Nd6 31. Nc1 c4 32. c3 a6 33. cxd4 exd4 34. e5 c3
35. Bxc3 dxc3 36. exd6 Bxd6 37. Rxc3 Bb4 38. Rce3 Bxe1 39. Rxe1 Rd7 40. Kf3 Kf7
41. Re4 Rc8 42. Re1 Rc3+ 43. Kg4 Rdc7 44. Na2 Rxb3 45. Re4 a5 46. Re1 Rc2 47.
Nc1 Rb1 48. Nd3 Rxe1 49. Nxe1 Ra2 50. Nd3 Rxa4 51. Ne5+ Kg8 52. Kg5 Rd4 53.
Nxg6 hxg6 54. Kxg6 Rd6+ 55. Kh5 Kh7 56. g4 Rxh6+ 57. Kg5 a4 58. f5 a3 59. f6
Rxf6 60. Kxf6 Kg8 0-1

[Event "SR 4. liga A21 2011/2012"]
[Site "?"]
[Date "2011.12.04"]
[Round "5.2"]
[White "Davidik, Miroslav"]
[Black "Blanarik, Dominik"]
[Result "0-1"]
[WhiteElo "1467"]
[BlackElo "1552"]
[PlyCount "104"]
[EventDate "2011.??.??"]

1. c4 e6 2. a3 Nf6 3. Nc3 a6 4. d4 c6 5. e4 d6 6. Nf3 h6 7. Bd3 Be7 8. h3 Qc7
9. Bf4 Nbd7 10. b4 e5 11. dxe5 dxe5 12. Bh2 Nh5 13. Qd2 Nf4 14. Bf1 O-O 15. g3
Ng6 16. Bg2 Nb6 17. c5 Nc4 18. Qc1 f5 19. Nd2 Bg5 20. f4 exf4 21. Nxc4 fxg3 22.
Qc2 gxh2 23. Nd6 Bf4 24. Rd1 Bg3+ 25. Ke2 Nf4+ 26. Kf3 Nh5 27. Qb3+ Kh8 28. Ke3
fxe4 29. Ncxe4 Qe7 30. Rhf1 Be6 31. Qc2 Bd5 32. Qb1 Qe5 33. Rxf8+ Rxf8 34. Rf1
Rxf1 35. Qxf1 Bf4+ 36. Kd3 Ng3 37. Qe1 Nxe4 38. Bxe4 Bxe4+ 39. Nxe4 Qf5 40. Kc4
Qxh3 41. Nf6 gxf6 42. Qe8+ Kg7 43. Qe7+ Kg6 44. Qe8+ Kg5 45. Qg8+ Kh4 46. Qf7
Qf1+ 47. Kb3 Qb1+ 48. Ka4 Qd1+ 49. Ka5 h1=Q 50. Qxf6+ Bg5 51. Qf2+ Kh3 52. Qf5+
Qg4 0-1

[Event "SR 4. liga A21 2011/2012"]
[Site "?"]
[Date "2011.12.04"]
[Round "5.2"]
[White "Dubecky, Ladislav"]
[Black "Baumgartner, Milan"]
[Result "1-0"]
[WhiteElo "1574"]
[BlackElo "1592"]
[PlyCount "51"]
[EventDate "2011.??.??"]

1. e4 e5 2. f4 exf4 3. Nf3 g5 4. h4 f6 5. Bc4 Bg7 6. Nxg5 fxg5 7. Qh5+ Ke7 8.
Qf7+ Kd6 9. Qxg7 Qf6 10. Qxg5 Qxg5 11. hxg5 Ne7 12. d4 Ng6 13. b3 c5 14. Ba3 b6
15. Nc3 Ba6 16. dxc5+ bxc5 17. O-O-O+ Kc7 18. Bf7 Ne5 19. g6 Nbc6 20. g7 Nxf7
21. gxh8=Q Rxh8 22. Bxc5 Nce5 23. Bxa7 d6 24. Bd4 h5 25. Nd5+ Kc6 26. Nxf4 1-0

[Event "SR 4. liga A21 2011/2012"]
[Site "?"]
[Date "2011.12.04"]
[Round "5.2"]
[White "Horak, Martin"]
[Black "Damborsky, Pavol"]
[Result "0-1"]
[WhiteElo "1413"]
[BlackElo "1769"]
[PlyCount "50"]
[EventDate "2011.??.??"]

1. d4 d5 2. c4 dxc4 3. Nc3 c6 4. e4 b5 5. d5 a6 6. g3 e6 7. Bg2 Nf6 8. Bg5 h6
9. Bxf6 Qxf6 10. Qd2 Bb4 11. Nge2 O-O 12. O-O-O Rd8 13. f4 e5 14. Qc2 Bg4 15.
Rhf1 Bxc3 16. bxc3 Bxe2 17. Qxe2 exf4 18. Qf3 g5 19. gxf4 gxf4 20. Qg4+ Qg5 21.
Rxf4 Qxg4 22. Rxg4+ Kh7 23. d6 Nd7 24. Rf1 Ne5 25. Rg3 Rxd6 0-1

[Event "SR 4. liga A21 2011/2012"]
[Site "?"]
[Date "2011.12.04"]
[Round "5.2"]
[White "Hrubsa, Marian"]
[Black "Kovarik, Oto"]
[Result "0-1"]
[WhiteElo "1929"]
[BlackElo "2018"]
[PlyCount "88"]
[EventDate "2011.??.??"]

1. e4 c5 2. Nf3 e6 3. d4 cxd4 4. Nxd4 a6 5. Be3 Nf6 6. Bd3 d6 7. Nc3 Be7 8. h3
Nbd7 9. f3 Nc5 10. Be2 Qc7 11. Qd2 Bd7 12. O-O-O b5 13. Bd3 O-O 14. g4 b4 15.
Nce2 Rfc8 16. Kb1 Rcb8 17. Nb3 Nxd3 18. cxd3 e5 19. d4 Bb5 20. d5 a5 21. Rc1
Qb7 22. h4 a4 23. Na1 Qa6 24. Ng3 Bd3+ 25. Nc2 b3 26. a3 bxc2+ 27. Ka1 Qb5 28.
Qc3 Rc8 29. Qb4 Qxb4 30. axb4 a3 31. bxa3 Rxa3+ 32. Kb2 Rcc3 33. Rce1 Rcb3+ 34.
Kc1 Rxb4 35. Nf5 Bf8 36. h5 Rb1+ 37. Kd2 Rxe1 38. Rxe1 g6 39. hxg6 fxg6 40. Ng3
Be7 41. Rg1 Bd8 42. Nf5 Ba5+ 43. Kc1 Ra1+ 44. Kb2 Rxg1 0-1

[Event "SR 4. liga A21 2011/2012"]
[Site "?"]
[Date "2011.12.04"]
[Round "5.3"]
[White "Bjel, Lubos"]
[Black "Brath, Zdeno"]
[Result "1-0"]
[WhiteElo "1671"]
[BlackElo "1450"]
[PlyCount "79"]
[EventDate "2011.??.??"]

1. e4 e5 2. Nf3 Nc6 3. Bc4 Bc5 4. c3 Nf6 5. d3 h6 6. Be3 Bxe3 7. fxe3 Ng4 8.
Qe2 d6 9. O-O Qe7 10. h3 Nf6 11. Nh4 g6 12. Qf3 g5 13. Qxf6 Qxf6 14. Rxf6 gxh4
15. Rxf7 Bd7 16. Nd2 O-O-O 17. Raf1 Rhg8 18. Rxd7 Kxd7 19. Bxg8 Rxg8 20. Rf7+
Ne7 21. Nf3 Ke6 22. Rh7 Rg6 23. Nxh4 Rf6 24. Nf5 Nxf5 25. exf5+ Rxf5 26. Rxc7
e4 27. d4 Rb5 28. b4 a5 29. a4 Rb6 30. b5 d5 31. g4 Kf6 32. Rd7 Ke6 33. Rh7 Rd6
34. Rxh6+ Kd7 35. Rxd6+ Kxd6 36. h4 Ke6 37. h5 Kf6 38. h6 Kg6 39. g5 Kh7 40.
Kg2 1-0

[Event "SR 4. liga A21 2011/2012"]
[Site "?"]
[Date "2011.12.04"]
[Round "5.3"]
[White "Hanzluvka, Peter"]
[Black "Smrek, Peter"]
[Result "1-0"]
[WhiteElo "1987"]
[BlackElo "1892"]
[PlyCount "45"]
[EventDate "2011.??.??"]

1. e4 c5 2. Nf3 Nc6 3. d4 cxd4 4. Nxd4 d6 5. Bc4 e6 6. O-O Nf6 7. Nc3 a6 8. Be3
Be7 9. f4 Nxe4 10. Nxe4 d5 11. Bd3 dxe4 12. Bxe4 Qb6 13. Kh1 Bc5 14. c3 Bd7 15.
b4 Bxd4 16. cxd4 Nxb4 17. Rb1 Qd6 18. Bd2 a5 19. a3 Qxd4 20. Bxb7 Ra7 21. Bf3
Na6 22. Qe2 O-O 23. Be3 1-0

[Event "SR 4. liga A21 2011/2012"]
[Site "?"]
[Date "2011.12.04"]
[Round "5.3"]
[White "Krchnak, Rudolf"]
[Black "Skapik, Branislav"]
[Result "0-1"]
[WhiteElo "1878"]
[BlackElo "1848"]
[PlyCount "106"]
[EventDate "2011.??.??"]

1. d4 d5 2. Nc3 Bf5 3. Nf3 Nc6 4. a3 Nf6 5. e3 e6 6. h3 a6 7. Nh4 Be7 8. Nxf5
exf5 9. Qf3 Qd7 10. Bd2 O-O-O 11. b4 Na7 12. Be2 Ne4 13. Nxe4 dxe4 14. Qg3 Bd6
15. f4 g5 16. c3 gxf4 17. exf4 Rhg8 18. Qf2 Kb8 19. O-O Rg6 20. Rfc1 Rdg8 21.
Bf1 Rg3 22. Kh2 Be7 23. Be3 Bh4 24. Qe2 Bf6 25. Bf2 R3g6 26. Qe3 Nc6 27. Ra2
Qd8 28. Rd2 Bh4 29. d5 Bxf2 30. Qxf2 Qe8 31. Qe2 Nd8 32. c4 Rg3 33. Ra2 Qe7 34.
Qh5 Qf6 35. Qxh7 R3g6 36. Qh5 Rh8 37. Qe2 Qh4 38. Qf2 Qh6 39. c5 Rg4 40. g3 Rg6
41. a4 Rhg8 42. Ra3 Qf8 43. Rb3 Qe8 44. b5 a5 45. Qd2 Qd7 46. c6 Qd6 47. cxb7
Nxb7 48. Rc6 Qd7 49. Rbc3 Rc8 50. b6 Rxc6 51. Rxc6 cxb6 52. Rxb6 Qxa4 53. Qb2
Rc2+ 0-1